[Event "Styrian op-B"]
[Site "Bad Gleichenberg"]
[Date "2014.07.13"]
[Round "9"]
[White "Dimitrijevic, Dragan"]
[Black "Wu, Min"]
[Result "1-0"]
[WhiteElo "1805"]
[BlackElo "1891"]
[PlyCount "135"]
[EventDate "2014.07.05"]
[EventType "swiss"]
[EventRounds "9"]
[EventCountry "AUT"]
[SourceTitle "EXT 2016"]
[Source "ChessBase"]
[SourceDate "2015.10.08"]
[SourceVersion "1"]
[SourceVersionDate "2015.10.08"]
[SourceQuality "1"]

1. d4 d5 2. c4 e6 3. Nc3 Be7 4. e4 dxe4 5. Nxe4 Nf6 6. Nc3 0-0 7. Nf3 b6 8. Be2 Bb7 9. 0-0 c5 10. Bf4 cxd4 11. Nxd4 Nc6 12. Nb3 Rc8 13. Bf3 e5 14. Bg3 Ba6 15. Nb5 e4 16. Be2 Nb4 17. a4 Nd3 18. Bxd3 exd3 19. Nd2 Bb4 20. Nxa7 Rc5 21. b3 Bxd2 22. Qxd2 Ne4 23. Qb2 Qg5 24. Rad1 Rd8 25. Nb5 Bxb5 26. axb5 h5 27. f4 Qg4 28. Bf2 Nxf2 29. Qxf2 h4 30. Qf3 Qd7 31. Qe3 h3 32. gxh3 Qd4 33. Qxd4 Rxd4 34. Rf3 d2 35. Kf2 Rc8 36. Ke2 Rcd8 37. f5 R8d7 38. f6 g6 39. h4 Rxh4 40. h3 Rhd4 41. Re3 Rf4 42. Re8+ Kh7 43. Re7 Rxe7+ 44. fxe7 Re4+ 45. Kxd2 Rxe7 46. Kc3 f5 47. Rd6 Rb7 48. Kd4 Kh6 49. Kd5 Kg5 50. Kc6 Re7 51. h4+ Kh5 52. b4 Re4 53. Kd5 Rxh4 54. Rxb6 f4 55. Rb8 g5 56. b6 f3 57. Ra8 f2 58. Ra1 Rf4 59. b7 Rf8 60. Rf1 g4 61. Rxf2 Rxf2 62. b8Q Kh4 63. Qh8+ Kg5 64. Qg7+ Kf4 65. c5 g3 66. Qd4+ Kg5 67. c6 g2 68. Qxf2 1-0

[Event "Styrian op-B"]
[Site "Bad Gleichenberg"]
[Date "2014.07.08"]
[Round "4"]
[White "Krueger, Roman"]
[Black "Dimitrijevic, Dragan"]
[Result "1-0"]
[WhiteElo "1896"]
[BlackElo "1805"]
[PlyCount "63"]
[EventDate "2014.07.05"]
[EventType "swiss"]
[EventRounds "9"]
[EventCountry "AUT"]
[SourceTitle "EXT 2016"]
[Source "ChessBase"]
[SourceDate "2015.10.08"]
[SourceVersion "1"]
[SourceVersionDate "2015.10.08"]
[SourceQuality "1"]

1. d4 Nf6 2. Nf3 d5 3. Bf4 c5 4. c3 Qb6 5. Qb3 Nc6 6. dxc5 Qxc5 7. Nbd2 g6 8. e3 Bg7 9. Bd3 0-0 10. 0-0 Re8 11. e4 e6 12. Rfe1 Qa5 13. Rad1 a6 14. Bg3 h6 15. h3 b5 16. Bb1 Qb6 17. exd5 Nxd5 18. Ne5 Bb7 19. Nd7 Qa7 20. Qc2 Rad8 21. Ne5 Nxe5 22. Bxe5 Bxe5 23. Rxe5 Nf4 24. Ne4 Kg7 25. Nd6 Rf8 26. Nxb7 Qxb7 27. Re4 e5 28. f3 Qb6+ 29. Kh2 Rxd1 30. Qxd1 Rd8 31. Qe1 f6 32. Rxf4 1-0

[Event "Styrian op-B"]
[Site "Bad Gleichenberg"]
[Date "2014.07.05"]
[Round "1"]
[White "Parragi, Istvan"]
[Black "Dimitrijevic, Dragan"]
[Result "1-0"]
[WhiteElo "1938"]
[BlackElo "1805"]
[PlyCount "63"]
[EventDate "2014.07.05"]
[EventType "swiss"]
[EventRounds "9"]
[EventCountry "AUT"]
[SourceTitle "EXT 2016"]
[Source "ChessBase"]
[SourceDate "2015.10.08"]
[SourceVersion "1"]
[SourceVersionDate "2015.10.08"]
[SourceQuality "1"]

1. e4 c5 2. Nf3 e6 3. d4 cxd4 4. Nxd4 Nf6 5. Nc3 d6 6. g4 e5 7. Nf5 h5 8. f3 hxg4 9. fxg4 Nxg4 10. Qxg4 g6 11. Bg5 gxf5 12. exf5 Rg8 13. h4 Be7 14. Rg1 f6 15. Qh5+ Kd7 16. Be3 Nc6 17. 0-0-0 Kc7 18. Nb5+ Kb8 19. Bc4 Rh8 20. Qf3 Rxh4 21. Bb3 Rh8 22. Rg7 a6 23. Nc3 Na5 24. Bd5 Bd7 25. Rdg1 Nc6 26. Rg8 Rxg8 27. Rxg8 Be8 28. Na4 Nd4 29. Bxd4 exd4 30. Bxb7 Ra7 31. Bc6 Rd7 32. Nb6 1-0

[Event "Nis Art Faculty op"]
[Site "Nis"]
[Date "2013.08.04"]
[Round "3"]
[White "Dimitrijevic, Dragan"]
[Black "Djuric, Goran"]
[Result "1/2-1/2"]
[WhiteElo "1890"]
[BlackElo "1651"]
[PlyCount "24"]
[EventDate "2013.08.03"]
[EventType "swiss"]
[EventRounds "7"]
[EventCountry "SRB"]
[SourceTitle "EXT 2015"]
[Source "ChessBase"]
[SourceDate "2014.11.20"]
[SourceVersion "1"]
[SourceVersionDate "2014.11.20"]
[SourceQuality "1"]

1. e4 e5 2. Nf3 Nc6 3. Bb5 a6 4. Ba4 Nf6 5. 0-0 Nxe4 6. d4 exd4 7. Re1 d5 8. Nxd4 Bd6 9. Nxc6 Bxh2+ 10. Kxh2 Qh4+ 11. Kg1 Qxf2+ 12. Kh2 Qh4+ 1/2-1/2

[Event "Nis Art Faculty op"]
[Site "Nis"]
[Date "2013.08.04"]
[Round "2"]
[White "Nikolic, Miljana"]
[Black "Dimitrijevic, Dragan"]
[Result "1-0"]
[WhiteElo "1642"]
[BlackElo "1890"]
[PlyCount "79"]
[EventDate "2013.08.03"]
[EventType "swiss"]
[EventRounds "7"]
[EventCountry "SRB"]
[SourceTitle "EXT 2015"]
[Source "ChessBase"]
[SourceDate "2014.11.20"]
[SourceVersion "1"]
[SourceVersionDate "2014.11.20"]
[SourceQuality "1"]

1. e4 c6 2. d4 d5 3. exd5 Qxd5 4. Nc3 Qa5 5. Nf3 Nf6 6. Bd2 Bf5 7. Bc4 e6 8. a3 Be7 9. h3 Nbd7 10. 0-0 Qc7 11. Re1 0-0 12. Nh4 Bg6 13. Nxg6 hxg6 14. Bg5 Rad8 15. Ne4 Nb6 16. Bb3 c5 17. Bxf6 gxf6 18. Qf3 c4 19. Ba2 f5 20. Nc3 a6 21. Rad1 Bf6 22. Ne2 Nd5 23. c3 b5 24. g3 Bg5 25. h4 Bh6 26. g4 fxg4 27. Qxg4 Kg7 28. Qg3 Nf4 29. Nxf4 Bxf4 30. Qh3 Rh8 31. Kg2 Qe7 32. Rh1 Rd5 33. Qg4 Qf6 34. Rh3 Rdh5 35. Rdh1 Bd6 36. Bb1 Be7 37. Be4 e5 38. dxe5 Qxe5 39. Bb7 Qc7 40. Bxa6 1-0

[Event "Nis Art Faculty op"]
[Site "Nis"]
[Date "2013.08.03"]
[Round "1"]
[White "Dimitrijevic, Dragan"]
[Black "Milovanovic, Srboljub"]
[Result "0-1"]
[WhiteElo "1890"]
[BlackElo "2206"]
[PlyCount "54"]
[EventDate "2013.08.03"]
[EventType "swiss"]
[EventRounds "7"]
[EventCountry "SRB"]
[SourceTitle "EXT 2015"]
[Source "ChessBase"]
[SourceDate "2014.11.20"]
[SourceVersion "1"]
[SourceVersionDate "2014.11.20"]
[SourceQuality "1"]

1. e4 c5 2. Nf3 Nc6 3. Bb5 d6 4. 0-0 Bd7 5. Re1 a6 6. Bxc6 Bxc6 7. d4 cxd4 8. Nxd4 Qc7 9. Nc3 e6 10. Nd5 Qd8 11. Be3 Rc8 12. c4 Nf6 13. Bg5 Be7 14. Nf5 exf5 15. Nxe7 Kxe7 16. exf5+ Kf8 17. Qd4 h6 18. Bh4 Kg8 19. Re3 Kh7 20. Bg3 Re8 21. Bxd6 Qd7 22. Qf4 Nh5 23. Qd4 Rxe3 24. fxe3 Qxf5 25. Rd1 Re8 26. b3 Re4 27. Qc3 Rg4 0-1

[Event "Gibraltar Masters 11th"]
[Site "Caleta"]
[Date "2013.01.29"]
[Round "8"]
[White "Dimitrijevic, Dragan"]
[Black "Burrows, Martin P"]
[Result "0-1"]
[WhiteElo "1896"]
[BlackElo "2153"]
[PlyCount "76"]
[EventDate "2013.01.22"]
[EventType "swiss"]
[EventRounds "10"]
[EventCountry "GGB"]
[SourceTitle "CBM 153"]
[Source "ChessBase"]
[SourceDate "2013.03.14"]
[SourceVersion "1"]
[SourceVersionDate "2013.03.14"]
[SourceQuality "1"]

1. Nf3 Nf6 2. c4 e6 3. g3 d5 4. Bg2 dxc4 5. Qa4+ Nbd7 6. 0-0 a6 7. Qxc4 b5 8. Qc6 Rb8 9. d4 Bb7 10. Qc2 c5 11. dxc5 Bxc5 12. Bf4 Rc8 13. Qd1 0-0 14. Nbd2 Nd5 15. Nb3 Nxf4 16. gxf4 Bb6 17. Qd3 Nf6 18. Ne5 Bxg2 19. Kxg2 Nd5 20. Qg3 Rc2 21. Qf3 Rxe2 22. Kh1 Rxb2 23. f5 Qd6 24. Nd3 Rc2 25. Rg1 exf5 26. Qxf5 Ne3 27. Qe4 Qd5 28. Qxd5 Nxd5 29. Rg5 Rd8 30. Re1 h6 31. Rxd5 Rxd5 32. Nb4 Rdd2 33. Nxd2 Rxd2 34. Nxa6 Rxa2 35. Re8+ Kh7 36. Nb4 Rxf2 37. Re5 Rxh2+ 38. Kxh2 Bc7 0-1

[Event "Belgrade Trophy 26th"]
[Site "Belgrade"]
[Date "2012.11.24"]
[Round "1"]
[White "Pantelic, Sasa"]
[Black "Dimitrijevic, Dragan"]
[Result "1-0"]
[WhiteElo "2333"]
[BlackElo "1911"]
[PlyCount "121"]
[EventDate "2012.11.24"]
[EventType "swiss"]
[EventRounds "9"]
[EventCountry "SRB"]
[SourceTitle "CBM 151 Extra"]
[Source "ChessBase"]
[SourceDate "2012.12.18"]
[SourceVersion "1"]
[SourceVersionDate "2012.12.18"]
[SourceQuality "1"]

1. d4 Nf6 2. c4 e5 3. dxe5 Ng4 4. Nf3 Nc6 5. a3 Bc5 6. e3 a5 7. Qd5 Qe7 8. Nc3 Ncxe5 9. Be2 d6 10. b3 0-0 11. Bb2 Bxe3 12. fxe3 Nxe3 13. Qe4 Nxf3+ 14. Bxf3 Nc2+ 15. Kf2 Qxe4 16. Bxe4 Nxa1 17. Rxa1 Be6 18. a4 Rab8 19. Nb5 Rfc8 20. Bc3 b6 21. Bc6 Kf8 22. Re1 h6 23. Re2 Bf5 24. Nd4 Bg4 25. Re1 Rd8 26. h3 Bd7 27. g4 Rbc8 28. Bxd7 Rxd7 29. Nc6 f6 30. Kf3 Kf7 31. Kf4 Ra8 32. h4 Rh8 33. h5 Ra8 34. Re4 Rg8 35. Ke3 Ra8 36. Kd4 Rg8 37. Kd5 Ra8 38. Nd4 Rad8 39. Bb2 Rc8 40. Kc6 Rdd8 41. Nf5 Re8 42. Rxe8 Rxe8 43. Kxc7 Re2 44. Bd4 Rg2 45. Ne3 Rd2 46. Bxb6 Rd3 47. Kc6 Rxb3 48. Nf5 Rb4 49. Nxd6+ Ke6 50. Bxa5 Rxa4 51. Bb6 Ra2 52. Nf5 Kf7 53. Bd4 Rg2 54. Ne3 Rd2 55. Kd5 g6 56. c5 gxh5 57. c6 Ke8 58. gxh5 Rh2 59. Ke6 Kd8 60. Bxf6+ Kc8 61. Be5 1-0

[Event "Gibraltar Masters 10th"]
[Site "Caleta"]
[Date "2012.02.02"]
[Round "10"]
[White "Dimitrijevic, Dragan"]
[Black "Randlov, Carsten"]
[Result "0-1"]
[WhiteElo "1937"]
[BlackElo "1831"]
[PlyCount "34"]
[EventDate "2012.01.24"]
[EventType "swiss"]
[EventRounds "10"]
[EventCountry "GGB"]
[SourceTitle "CBM 147"]
[Source "ChessBase"]
[SourceDate "2012.03.16"]
[SourceVersion "1"]
[SourceVersionDate "2012.03.16"]
[SourceQuality "1"]

1. e4 g6 2. h4 Bg7 3. h5 d5 4. hxg6 hxg6 5. Rxh8 Bxh8 6. exd5 Qxd5 7. Nc3 Qa5 8. Bc4 Nc6 9. Nd5 Be6 10. b4 Nxb4 11. Nxb4 Qxb4 12. Bxe6 Qe4+ 13. Kf1 Bxa1 14. Bb3 Bf6 15. d3 Qe5 16. Nf3 Qa1 17. a4 Bb2 0-1

[Event "Gibraltar Challengers-B 10th"]
[Site "Caleta"]
[Date "2012.02.01"]
[Round "4"]
[White "Dimitrijevic, Dragan"]
[Black "Dasaolu, Adeoye"]
[Result "0-1"]
[WhiteElo "1937"]
[BlackElo "2107"]
[PlyCount "92"]
[EventDate "2012.01.28"]
[EventType "swiss"]
[EventRounds "5"]
[EventCountry "GGB"]
[SourceTitle "CBM 146 Extra"]
[Source "ChessBase"]
[SourceDate "2012.02.29"]
[SourceVersion "1"]
[SourceVersionDate "2012.02.29"]
[SourceQuality "1"]

1. d4 Nf6 2. Nf3 e6 3. c4 d5 4. Nc3 Be7 5. Bf4 0-0 6. e3 b6 7. Ne5 Bb7 8. Qc2 Nbd7 9. Be2 c5 10. Bf3 cxd4 11. exd4 Rc8 12. cxd5 Nxd5 13. Bxd5 Bxd5 14. 0-0 Nxe5 15. dxe5 Rc4 16. Bd2 Qa8 17. f3 Rfc8 18. Rae1 b5 19. Qb1 b4 20. Ne2 Qb8 21. Nf4 Bb7 22. Nd3 a5 23. Be3 Ba6 24. Rf2 Qb5 25. f4 g6 26. Rfe2 Qd5 27. Rd2 Qc6 28. Qd1 Bh4 29. Bf2 Be7 30. Be3 Bb7 31. Qe2 h5 32. Red1 a4 33. Ne1 h4 34. Rd7 Rc7 35. Rxc7 Qxc7 36. Rd4 Rxd4 37. Bxd4 h3 38. Nf3 Qc1+ 39. Kf2 hxg2 40. Kxg2 Qxf4 41. Bf2 g5 42. Bg3 Qf5 43. h3 g4 44. hxg4 Qxg4 45. Qe3 Bg5 46. Qd3 Bh4 0-1

[Event "Gibraltar Masters 10th"]
[Site "Caleta"]
[Date "2012.01.30"]
[Round "7"]
[White "Dolgova, Olga"]
[Black "Dimitrijevic, Dragan"]
[Result "1-0"]
[WhiteElo "2206"]
[BlackElo "1937"]
[PlyCount "85"]
[EventDate "2012.01.24"]
[EventType "swiss"]
[EventRounds "10"]
[EventCountry "GGB"]
[SourceTitle "CBM 147"]
[Source "ChessBase"]
[SourceDate "2012.03.16"]
[SourceVersion "1"]
[SourceVersionDate "2012.03.16"]
[SourceQuality "1"]

1. d4 Nf6 2. c4 g6 3. Nc3 d5 4. cxd5 Nxd5 5. e4 Nxc3 6. bxc3 Bg7 7. Bc4 0-0 8. Ne2 c5 9. 0-0 Nc6 10. Be3 cxd4 11. cxd4 Bg4 12. f3 Na5 13. Bxf7+ Rxf7 14. fxg4 Rxf1+ 15. Kxf1 Qd7 16. h3 Rc8 17. Rc1 Nc4 18. Qd3 b5 19. Kf2 e5 20. d5 Bf8 21. Kg3 a6 22. Ng1 a5 23. Nf3 Bd6 24. Bh6 Bc5 25. a4 Nd6 26. axb5 Nf7 27. Bd2 Qa7 28. Be3 Qe7 29. Bxc5 Rxc5 30. Qa3 Rc7 31. Qxe7 Rxe7 32. Rc6 Rb7 33. b6 a4 34. Nd2 a3 35. Nc4 a2 36. Rc8+ Kg7 37. Ra8 Ng5 38. Rxa2 Nxe4+ 39. Kf3 Ng5+ 40. Ke3 Kh6 41. Ra7 Ne6 42. Rxb7 Nc7 43. Rxc7 1-0

[Event "Gibraltar Challengers-B 10th"]
[Site "Caleta"]
[Date "2012.01.29"]
[Round "2"]
[White "Dimitrijevic, Dragan"]
[Black "Tscharotschkin, Michael"]
[Result "1/2-1/2"]
[WhiteElo "1937"]
[BlackElo "2195"]
[PlyCount "101"]
[EventDate "2012.01.28"]
[EventType "swiss"]
[EventRounds "5"]
[EventCountry "GGB"]
[SourceTitle "CBM 146 Extra"]
[Source "ChessBase"]
[SourceDate "2012.02.29"]
[SourceVersion "1"]
[SourceVersionDate "2012.02.29"]
[SourceQuality "1"]

1. e4 e6 2. d4 d5 3. Nc3 Bb4 4. e5 c5 5. a3 Bxc3+ 6. bxc3 Qc7 7. Qg4 Ne7 8. Qxg7 Rg8 9. Qxh7 cxd4 10. Ne2 Nbc6 11. f4 Bd7 12. Qd3 dxc3 13. Qxc3 0-0-0 14. Rb1 d4 15. Qd3 Kb8 16. Rg1 Bc8 17. g4 Nd5 18. g5 b6 19. Bd2 Bb7 20. Bg2 Qc8 21. Qb3 Ba6 22. Ng3 d3 23. c3 Na5 24. Qb2 Nc4 25. Qc1 Qc5 26. Rf1 Nde3 27. Rf2 Nxd2 28. Qxd2 Nc4 29. Ne4 Qxa3 30. Qc1 Rh8 31. Bf1 d2+ 32. Nxd2 Qxc1+ 33. Rxc1 Rxd2 34. Rxd2 Nxd2 35. Bxa6 Rxh2 36. Be2 Ne4 37. Bf3 Nc5 38. Rd1 Kc7 39. Kf1 Nb3 40. Kg1 Rh4 41. f5 Nc5 42. fxe6 Nxe6 43. g6 fxg6 44. Rd6 Ng5 45. Bd5 Rg4+ 46. Kf1 Ne4 47. Rc6+ Kd8 48. c4 Rg5 49. Bxe4 Rxe5 50. Bxg6 Re7 51. Bd3 1/2-1/2

[Event "Gibraltar Masters 10th"]
[Site "Caleta"]
[Date "2012.01.26"]
[Round "3"]
[White "Chidi, Lovinia Sylvia"]
[Black "Dimitrijevic, Dragan"]
[Result "0-1"]
[WhiteElo "1821"]
[BlackElo "1937"]
[PlyCount "90"]
[EventDate "2012.01.24"]
[EventType "swiss"]
[EventRounds "10"]
[EventCountry "GGB"]
[SourceTitle "CBM 147"]
[Source "ChessBase"]
[SourceDate "2012.03.16"]
[SourceVersion "1"]
[SourceVersionDate "2012.03.16"]
[SourceQuality "1"]

1. e4 c5 2. Nf3 e6 3. d4 cxd4 4. Nxd4 Nf6 5. Nc3 d6 6. Be3 a6 7. a4 Be7 8. Be2 0-0 9. 0-0 Qc7 10. f4 Nc6 11. Bf3 Nxd4 12. Bxd4 e5 13. fxe5 dxe5 14. Be3 Be6 15. Kh1 Rac8 16. Rc1 Qc6 17. Nd5 Bxd5 18. exd5 Qd7 19. c4 e4 20. Be2 h6 21. b3 b5 22. axb5 axb5 23. Ra1 Ra8 24. Qc2 Rfe8 25. h3 Qc7 26. Qd2 bxc4 27. bxc4 Bc5 28. Rxa8 Rxa8 29. Bxc5 Qxc5 30. Qf4 Ra2 31. Bg4 Qxc4 32. Qb8+ Kh7 33. Qf4 Nxg4 34. Qf5+ Kh8 35. hxg4 Qc2 36. Rg1 e3 37. Qxf7 e2 38. Qe8+ Kh7 39. Re1 Rb2 40. Kh2 Qd3 41. d6 Qxd6+ 42. g3 Qd3 43. Qf8 Rb1 44. Qf2 Rxe1 45. Qxe1 Qe4 0-1

[Event "Gibraltar Challengers-A 10th"]
[Site "Caleta"]
[Date "2012.01.24"]
[Round "2"]
[White "Dimitrijevic, Dragan"]
[Black "Haddock, Paul"]
[Result "1-0"]
[WhiteElo "1937"]
[BlackElo "1688"]
[PlyCount "79"]
[EventDate "2012.01.23"]
[EventType "swiss"]
[EventRounds "5"]
[EventCountry "GGB"]
[SourceTitle "CBM 146 Extra"]
[Source "ChessBase"]
[SourceDate "2012.02.29"]
[SourceVersion "1"]
[SourceVersionDate "2012.02.29"]
[SourceQuality "1"]

1. d4 Nf6 2. Nf3 d5 3. c4 e6 4. Nc3 Bb4 5. Bg5 h6 6. Bxf6 Qxf6 7. Rc1 Nc6 8. e3 0-0 9. a3 Bxc3+ 10. Rxc3 Bd7 11. Qc2 Rfe8 12. Be2 Rac8 13. 0-0 Qe7 14. e4 dxe4 15. Qxe4 e5 16. dxe5 Nxe5 17. Qxb7 Bc6 18. Qxa7 Ng4 19. Bd1 Red8 20. Nd4 Qd6 21. Bxg4 Ra8 22. Nf5 Rxa7 23. Nxd6 Rxd6 24. Rd1 Rxd1+ 25. Bxd1 Rb7 26. b4 Rb8 27. Bf3 Bd7 28. c5 Re8 29. h3 Kf8 30. Kh2 Re1 31. Rd3 Bb5 32. Rd8+ Ke7 33. Rb8 c6 34. Rb6 Ra1 35. Bxc6 Bxc6 36. Rxc6 Rxa3 37. b5 Kd7 38. Rd6+ Kc7 39. b6+ Kb7 40. Rd7+ 1-0

[Event "Gibraltar Challengers-A 10th"]
[Site "Caleta"]
[Date "2012.01.23"]
[Round "1"]
[White "Jaunooby, Ali Reza"]
[Black "Dimitrijevic, Dragan"]
[Result "1-0"]
[WhiteElo "2146"]
[BlackElo "1937"]
[PlyCount "39"]
[EventDate "2012.01.23"]
[EventType "swiss"]
[EventRounds "5"]
[EventCountry "GGB"]
[SourceTitle "CBM 146 Extra"]
[Source "ChessBase"]
[SourceDate "2012.02.29"]
[SourceVersion "1"]
[SourceVersionDate "2012.02.29"]
[SourceQuality "1"]

1. d4 Nf6 2. Bg5 Ne4 3. Bf4 d5 4. f3 Nf6 5. c4 Bf5 6. cxd5 Bxb1 7. Rxb1 Nxd5 8. Bd2 Nf6 9. Qb3 b6 10. e4 Qxd4 11. Bc4 e6 12. Ne2 Qd8 13. Rd1 Bc5 14. Bg5 Qc8 15. Nf4 h6 16. Bxf6 gxf6 17. Nxe6 fxe6 18. Bxe6 Qb7 19. Bg8 c6 20. Qe6+ 1-0

[Event "Paris-ch op-B 86th"]
[Site "Paris"]
[Date "2011.07.07"]
[Round "6"]
[White "Dimitrijevic, Dragan"]
[Black "Vuddamalay, Milan"]
[Result "1-0"]
[WhiteElo "1884"]
[BlackElo "1766"]
[PlyCount "113"]
[EventDate "2011.07.02"]
[EventType "swiss"]
[EventRounds "9"]
[EventCountry "FRA"]
[SourceTitle "EXT 2012"]
[Source "ChessBase"]
[SourceDate "2011.11.24"]
[SourceVersion "1"]
[SourceVersionDate "2011.11.24"]
[SourceQuality "1"]

1. Nf3 d5 2. c4 c6 3. d4 Nf6 4. Nc3 dxc4 5. a4 Bf5 6. Ne5 Nbd7 7. Nxc4 Nb6 8. Ne5 a5 9. g3 e6 10. Bg2 Bb4 11. 0-0 h6 12. Bf4 0-0 13. h3 Nbd5 14. Bd2 Bd6 15. Nc4 Bc7 16. Qb3 Rb8 17. Rfd1 Nxc3 18. bxc3 b5 19. Ne5 Bxe5 20. dxe5 Ne4 21. Be3 Qe7 22. axb5 Rxb5 23. Qc4 Rxe5 24. f4 Nd6 25. Qd4 Rd5 26. Bxd5 cxd5 27. g4 Bc2 28. Rd2 Be4 29. Bf2 Nc4 30. Rda2 Qc7 31. Bg3 Rb8 32. Kh2 Rb3 33. Rc1 f6 34. Qd1 Qb6 35. Qd4 Qc7 36. Qd1 Qb8 37. Qd4 Rb5 38. Qf2 Kf7 39. Rd1 Rb3 40. Qd4 Rb1 41. Ra1 Rb2 42. Re1 Qc7 43. Ra4 Kg8 44. Raa1 Kf7 45. Ra4 Qd7 46. Rxc4 Ra2 47. Rc5 Ra4 48. Qe3 Ra2 49. c4 Qa4 50. cxd5 exd5 51. Bf2 Ra3 52. Rc3 Ra2 53. Qc5 Rd2 54. Ra3 Qc4 55. Qxc4 dxc4 56. Kg3 Rc2 57. Bd4 1-0

[Event "Benidorm op U2000 09th"]
[Site "Benidorm"]
[Date "2010.12.08"]
[Round "7"]
[White "Dimitrijevic, Dragan"]
[Black "Mingarro Carceller, Sergi"]
[Result "0-1"]
[WhiteElo "1949"]
[BlackElo "1917"]
[PlyCount "70"]
[EventDate "2010.12.03"]
[EventType "swiss"]
[EventRounds "10"]
[EventCountry "ESP"]
[SourceTitle "CBM 139 Extra"]
[Source "ChessBase"]
[SourceDate "2011.01.05"]
[SourceVersion "1"]
[SourceVersionDate "2011.01.05"]
[SourceQuality "1"]

1. Nf3 f5 2. b3 d6 3. d4 Nf6 4. g3 g6 5. Bb2 Bg7 6. Bg2 0-0 7. 0-0 Qe8 8. Nbd2 Nc6 9. Nc4 e6 10. a4 h6 11. Ne1 Qf7 12. Nd3 g5 13. f3 Qg6 14. b4 Nd5 15. c3 f4 16. e4 fxe3 17. Qe2 Bd7 18. Nxe3 Nxe3 19. Qxe3 e5 20. d5 Ne7 21. c4 Rae8 22. Nf2 Nf5 23. Qxa7 h5 24. b5 g4 25. Ra3 Nxg3 26. hxg3 gxf3 27. Bxf3 e4 28. Bxg7 exf3 29. Kh2 Qxg7 30. Re3 Kh8 31. Rfe1 h4 32. g4 b6 33. Rxe8 Rxe8 34. Rxe8+ Bxe8 35. Qb8 Qe5+ 0-1

[Event "Benidorm op U2000 09th"]
[Site "Benidorm"]
[Date "2010.12.07"]
[Round "6"]
[White "Albers, Andreas"]
[Black "Dimitrijevic, Dragan"]
[Result "1/2-1/2"]
[WhiteElo "1932"]
[BlackElo "1949"]
[PlyCount "32"]
[EventDate "2010.12.03"]
[EventType "swiss"]
[EventRounds "10"]
[EventCountry "ESP"]
[SourceTitle "CBM 139 Extra"]
[Source "ChessBase"]
[SourceDate "2011.01.05"]
[SourceVersion "1"]
[SourceVersionDate "2011.01.05"]
[SourceQuality "1"]

1. e4 e6 2. d4 c5 3. Nf3 cxd4 4. Nxd4 Nf6 5. Nc3 d6 6. g4 e5 7. Nf5 h5 8. Bg5 hxg4 9. Bxf6 gxf6 10. Qxg4 Be6 11. 0-0-0 Nc6 12. Nd5 Nd4 13. Ng7+ Kd7 14. Nxe6 fxe6 15. Ne3 Bh6 16. c3 Nc6 1/2-1/2

[Event "Benidorm op U2000 09th"]
[Site "Benidorm"]
[Date "2010.12.05"]
[Round "3"]
[White "Dimitrijevic, Dragan"]
[Black "Sos Andreu, Eric"]
[Result "1-0"]
[WhiteElo "1949"]
[BlackElo "1998"]
[PlyCount "73"]
[EventDate "2010.12.03"]
[EventType "swiss"]
[EventRounds "10"]
[EventCountry "ESP"]
[SourceTitle "CBM 139 Extra"]
[Source "ChessBase"]
[SourceDate "2011.01.05"]
[SourceVersion "1"]
[SourceVersionDate "2011.01.05"]
[SourceQuality "1"]

1. Nf3 d5 2. c4 e6 3. g3 Nf6 4. Bg2 dxc4 5. 0-0 Nbd7 6. Qa4 Be7 7. Na3 0-0 8. Nxc4 a6 9. Qc2 c5 10. a4 Nb6 11. Nfe5 Nfd5 12. d3 Nxc4 13. dxc4 Nb4 14. Qb3 Qc7 15. Nd3 Nc6 16. Be3 Nd4 17. Bxd4 cxd4 18. c5 Rb8 19. Qc4 Rd8 20. b4 b5 21. axb5 axb5 22. Qa2 Bb7 23. Qa7 Rdc8 24. c6 Ba8 25. Rfc1 Bf6 26. Qc5 Rb6 27. Ra2 Bxc6 28. Rac2 Be7 29. Qxd4 Qb7 30. Qc3 Bf6 31. Qc5 Be7 32. Qc3 Bf6 33. Qc5 Be7 34. Qe3 Bd6 35. Ne5 Bxe5 36. Qxe5 g6 37. Rc5 1-0

[Event "Calvi Balagne op 06th"]
[Site "Calvi"]
[Date "2009.05.03"]
[Round "9"]
[White "Dimitrijevic, Dragan"]
[Black "Vincenti, Francois Xavier"]
[Result "1-0"]
[WhiteElo "2059"]
[BlackElo "1697"]
[PlyCount "55"]
[EventDate "2009.04.28"]
[EventType "swiss"]
[EventRounds "9"]
[EventCountry "FRA"]
[SourceTitle "CBM 130 Extra"]
[Source "ChessBase"]
[SourceDate "2009.07.02"]
[SourceVersion "2"]
[SourceVersionDate "2009.07.15"]
[SourceQuality "1"]

1. d4 Nf6 2. c4 c5 3. Nf3 cxd4 4. Nxd4 Nc6 5. Nc3 g6 6. e4 d6 7. Be2 Bg7 8. Be3 0-0 9. 0-0 Ne8 10. Qd2 Nxd4 11. Bxd4 e5 12. Be3 f5 13. f3 f4 14. Bf2 Qg5 15. Kh1 a6 16. b4 Be6 17. Nd5 b5 18. cxb5 axb5 19. Bxb5 Nf6 20. Nc7 Bc8 21. Nxa8 Qh5 22. Nb6 Ng4 23. fxg4 Bxg4 24. a4 g5 25. Ra2 Rf6 26. Bg1 f3 27. Ra3 fxg2+ 28. Qxg2 1-0

[Event "Gibraltar Masters 7th"]
[Site "Gibraltar"]
[Date "2009.02.02"]
[Round "7"]
[White "Dimitrijevic, Dragan"]
[Black "Kandic, Milan"]
[Result "1/2-1/2"]
[WhiteElo "2069"]
[BlackElo "2208"]
[PlyCount "144"]
[EventDate "2009.01.27"]
[EventType "swiss"]
[EventRounds "10"]
[EventCountry "ENG"]
[SourceTitle "CBM 128 Extra"]
[Source "ChessBase"]
[SourceDate "2009.03.05"]
[SourceVersion "2"]
[SourceVersionDate "2009.03.25"]
[SourceQuality "1"]

1. d4 d6 2. Nf3 Bg4 3. c4 Bxf3 4. gxf3 e6 5. e4 d5 6. Nc3 dxc4 7. Bxc4 c6 8. Be3 Ne7 9. Qd2 Nd7 10. 0-0-0 Nf6 11. Bg5 Qa5 12. d5 0-0-0 13. d6 Ng6 14. Bxf6 gxf6 15. d7+ Kb8 16. f4 h5 17. Kb1 Qb4 18. f5 Ne5 19. Bb3 Rxd7 20. Qe2 Qe7 21. f4 Rxd1+ 22. Rxd1 Nd7 23. Qd2 Nc5 24. Bc2 Bh6 25. b4 Na6 26. a3 e5 27. Qd6+ Qxd6 28. Rxd6 Bxf4 29. h3 Bg5 30. Rd7 Rf8 31. Bb3 Kc8 32. Rxf7 Rxf7 33. Bxf7 h4 34. Kc2 Kd7 35. Kb3 Nc7 36. a4 Ke7 37. Bc4 Bd2 38. Nd1 Ne8 39. Nf2 Nd6 40. Bd3 Nf7 41. Bf1 Be3 42. Nd3 b6 43. Nb2 Bd4 44. Nc4 Kf8 45. b5 cxb5 46. axb5 Ke7 47. Na3 Nd8 48. Kc4 Kd6 49. Be2 Nb7 50. Nc2 Na5+ 51. Kb4 Bf2 52. Ka4 Bc5 53. Bd3 Ke7 54. Be2 Kf7 55. Ne1 Kg7 56. Nd3 Bd6 57. Bd1 Nc4 58. Bb3 Nd2 59. Bd5 Nf3 60. Kb3 Ng1 61. Kc2 Nxh3 62. Kd1 Ng5 63. Ke2 Bc5 64. Bc6 h3 65. Kf1 Nf3 66. Nf2 Bxf2 67. Kxf2 Ng5 68. Kg3 Kf8 69. Kh2 Ke7 70. Bd5 Kd6 71. Bc4 Kc5 72. Bd3 Kd4 1/2-1/2